000 00641nam a2200205Ia 4500
005 20250508153410.0
008 008 250505s9999 xx 000 0 eng d
037 _aBooks to be hide in OPAC
040 _aFEDL
_beng
_cFEDL
041 _aeng
_2eng
084 _a373.73, UNI/O
_qFEDL
100 _aFord Edmund A
_9763882
245 0 _aPublic secondary schools
260 _aWashington, USA
_bU.S. Government Printing Office
_c1961
300 _av,52p.
490 _aStatistics of education in the United States 1958-59
700 _a Walker Virgil R
_9763883
942 _cHB
_h373.73, UNI/O
999 _c1342569
_d1342569